Movimiento de viajeros en establecimientos turísticos / (Record no. 188034)
[ view plain ]
| 000 -LEADER | |
|---|---|
| campo de control de longitud fija | 00691nas a2200217 i 4500 |
| 001 - NÚMERO DE CONTROL | |
| campo de control | 188034 |
| 003 - IDENTIFICADOR DE NÚMERO DE CONTROL | |
| campo de control | ES-MaACL |
| 005 - FECHA Y HORA DE LA ÚLTIMA TRANSACCIÓN | |
| campo de control | 20250217134926.0 |
| 008 - DATOS DE LONGITUD FIJA--INFORMACIÓN GENERAL | |
| campo de control de longitud fija | 180413d19761992sp q| | ||pa d |
| 022 ## - NÚMERO INTERNACIONAL NORMALIZADO PARA PUBLICACIONES SERIADAS | |
| Número Internacional Normalizado para Publicaciones Seriadas | 0212-937X |
| 245 00 - MENCIÓN DEL TÍTULO | |
| Título | Movimiento de viajeros en establecimientos turísticos / |
| Mención de responsabilidad, etc. | Instituto Nacional de Estadística. |
| 260 ## - PUBLICACIÓN, DISTRIBUCIÓN, ETC. | |
| Lugar de publicación, distribución, etc. | Madrid : |
| Nombre del editor, distribuidor, etc. | INE, |
| Fecha de publicación, distribución, etc. | 1976-1992. |
| 300 ## - DESCRIPCIÓN FÍSICA | |
| Extensión | 25 v. ; |
| Dimensiones | 27 cm. |
| 310 ## - PERIODICIDAD ACTUAL | |
| Periodicidad actual | Trimestral, |
| Fecha de comienzo de la periodicidad actual | desde 1983 |
| 321 ## - PERIODICIDAD ANTERIOR | |
| Periodicidad anterior | Mensual |
| 650 04 - PUNTO DE ACCESO ADICIONAL DE MATERIA--TÉRMINO DE MATERIA | |
| Término de materia o nombre geográfico como elemento de entrada | Turismo- |
| Subdivisión geográfica | España- |
| Subdivisión de forma | Estadísticas. |
| 9 (RLIN) | 17669 |
| 710 2# - ENTRADA AGREGADA--NOMBRE DE ENTIDAD CORPORATIVA | |
| Nombre de entidad corporativa o nombre de jurisdicción como elemento de entrada | Instituto Nacional de Estadística (España) |
| 9 (RLIN) | 5162 |
| 852 ## - LOCALIZACIÓN | |
| Ubicación | ES-MaACL |
| Número de control de estantería | 2099-F-1-25 |
| 866 #0 - MENCIÓN TEXTUAL DE FONDOS--UNIDAD BIBLIOGRÁFICA BÁSICA | |
| Fondos | (1975)1976(1977)1982. |
| Estatus retirado | Estado de pérdida | Estado de daño | No para préstamo | Colección | Biblioteca de origen | Biblioteca actual | Ubicación en estantería | Fecha de adquisición | Fuente de adquisición | Total de préstamos | Signatura topográfica completa | Código de barras | Visto por última vez | Precio de reemplazo | Tipo de ítem Koha |
|---|---|---|---|---|---|---|---|---|---|---|---|---|---|---|---|
| Colección de folletos | Biblioteca del Ateneo de Madrid | Biblioteca del Ateneo de Madrid | Depósito folletos | 13/04/2018 | 2099-F-1-25 | 1198705 | 23/02/2023 | 23/02/2023 | Folleto |
